000 00534cam a22002052a 4500
001 016857
003 AR-FADEU
008 311216n2000####xxu####################dd
020 _a987-98351-0-7
092 _a323.4
_bV712
100 _aVillalpando, Waldo
245 _aDe los derechos humanos al derecho internacional penal
260 _aBuenos Aires
260 _bAbeledo-Perrot
260 _c2000
300 _a399 p
500 _aTexto de sala
650 _aDERECHOS HUMANOS; DERECHO INTERNACIONAL PENAL
942 _cBDGR
999 _c22609
_d22609